Návrhu mobiliáru do mestského parku v Piešťanoch

Saved in:
Bibliographic Details
Main Author: Havrlentová, Juliána (Author)
Other Authors: Kotradyová, Veronika (Thesis advisor)
Format: Manuscript Book
Language:Slovak
Published: 2024
Subjects:
Online Access:http://is.stuba.sk/zp/portal_zp.pl?podrobnosti=155887
Tags: Add Tag
No Tags, Be the first to tag this record!

MARC

LEADER 00000ntm a22000003a 4500
001 stuzp99931
003 SK-STU
005 20240615211649.4
007 ta
008 150427s2015----xo-----f-mn---000-0-slo-d
040 |a STU  |b slo 
041 0 |a slo 
100 1 |a Havrlentová, Juliána  |u 055150  |4 aut  |U FAD Fakulta architektúry a dizajnu  |T FAD Ústav interiéru a výstavníctva  |X 103807  |U A5150  |Y 396  |7 103807 
242 0 1 |a Furniture design for the city park in Piešťaany  |y eng 
245 1 0 |a Návrhu mobiliáru do mestského parku v Piešťanoch 
260 |c 2024 
650 4 |a mestský park  |2 slo 
650 4 |a modularita  |2 slo 
650 4 |a mobiliár  |2 slo 
650 4 |a city park  |2 eng 
650 4 |a modularity  |2 eng 
650 4 |a urban furniture  |2 eng 
700 1 |a Kotradyová, Veronika  |u 055150  |k Z1  |4 ths  |U FAD Fakulta architektúry a dizajnu  |T FAD Ústav interiéru a výstavníctva  |X 344  |U A5150  |Y 396  |7 A000000344 
856 4 |u http://is.stuba.sk/zp/portal_zp.pl?podrobnosti=155887